000 00631nam a2200253Ia 4500
003 OSt
005 20220924135952.0
006 a|||||r|||| 00| 0
007 ta
008 220923b |||||||| |||| 00| 0 ben d
020 _a9788189834586
024 _a293212
037 _cTextual
040 _aARTS
_cARTS
_bben
041 _2ben
_aben
082 _aO15,1A1, 157P8
100 _aGhosh Ashis
_9210832
245 0 _aBamcharitmanas
260 _c1988
650 _a SANSKRIT LITERATURE
650 _aBENGALI LITERATURE
942 _hO15,1A1, 157P8
_cTEXL
_2CC
999 _c442537
_d442537